• 首页
  • 本馆介绍
  • 公告通知
  • 最新文献
  • 馆藏检索
  • 电子资源
  • 读者导购
  • 参考咨询
  • 我的图书馆
  • 登录
  • 详细信息显示
  • 放入我的书架
  • 预约/预借图书
  • 作者相关作品
  • 分类相关作品
  • 丛书相关作品
  • 出版社相关作品

书目信息

  • 表格格式
  • 工作单格式
  • 卡片格式
题名:
凝固的符号
    
 
作者: 刘安 编著
分册:  
出版信息: 北京   石油工业出版社  2019.08
页数: 243页
开本: 21cm
丛书名:
单 册:
中图分类: TU-861 , TU986.62
科图分类:
主题词: 建筑艺术--jian zhu yi shu--鉴赏--世界 , 园林艺术--yuan lin yi shu--鉴赏--世界
电子资源:
ISBN: 978-7-5183-3478-0
000 01117nam0 2200289 450
001 0106081914
005 20201109092813.01
010    @a978-7-5183-3478-0@dCNY38.00
100    @a20190925d2019 em y0chiy50 ea
101 0  @achi
102    @aCN@b110000
105    @aa z 000yy
106    @ar
200 1  @a凝固的符号@Aning gu de fu hao@e建筑、园林欣赏@f刘安编著
210    @a北京@c石油工业出版社@d2019.08
215    @a243页@c彩图@d21cm
300    @a美的旅程
314    @a刘安(1947-),男,北京市人,1970年毕业于西安军事电信工程学院,教授级高级工程师,享受政府津贴专家。
330    @a本书共八章,主要内容包括:从阿房宫到避暑山庄、中国古典建筑的符号、别具一格的园林景致、中国古典建筑园林的内涵、西方建筑的演变、西方建筑的标志性元素、走进西方建筑博物馆、中西方建筑园林之比较等。
517 1  @a建筑、园林欣赏@Ajian zhu、yuan lin xin shang
606 0  @a建筑艺术@Ajian zhu yi shu@x鉴赏@y世界
606 0  @a园林艺术@Ayuan lin yi shu@x鉴赏@y世界
690    @aTU-861@v5
690    @aTU986.62@v5
701  0 @a刘安@Aliu an@f(1947-)@4编著
801  0 @aCN@bBJSZM@c20201106
905    @b1194408-11@dTU-861@e225@f4
    
    凝固的符号:建筑、园林欣赏/刘安编著.-北京:石油工业出版社,2019.08
    243页:彩图;21cm
    美的旅程
    
    ISBN 978-7-5183-3478-0:CNY38.00
    本书共八章,主要内容包括:从阿房宫到避暑山庄、中国古典建筑的符号、别具一格的园林景致、中国古典建筑园林的内涵、西方建筑的演变、西方建筑的标志性元素、走进西方建筑博物馆、中西方建筑园林之比较等。
●
相关链接 在E读中查询图书 在五车中查询图书 在当当中查询图书 在豆瓣中查询图书


正题名:凝固的符号     索取号:TU-861/225         预约/预借

序号 登录号 条形码 馆藏地/架位号 状态 备注
1 1194408   211944084   第二样本阅览室/ [索取号:TU-861/225] 在馆    
2 1194409   211944093   第三借阅区/ [索取号:TU-861/225] 在馆    
3 1194410   211944100   第三借阅区/ [索取号:TU-861/225] 在馆    
4 1194411   211944119   第三借阅区/ [索取号:TU-861/225] 在馆    
唐山师范学院图书馆 欢迎您!
大连网信软件有限公司© 版权所有